| 000 | 08328 aa a2200625 4500 | ||
|---|---|---|---|
| 005 | 2009090303003.0 | ||
| 008 | 081229t xxu||||| |||| 00| 0 hin d | ||
| 010 | _aB-357167 | ||
| 020 |
_a8189358065 _c150.00 |
||
| 035 | _aB-357167 | ||
| 035 | _aB-372219-245 | ||
| 037 | _bD.B.Act / pub | ||
| 037 | _bएवरेस्ट पब्लिशिंग कम्पनी/ PUB | ||
| 082 | _aक | ||
| 100 |
_aजेकब _918377 |
||
| 245 |
_aग्रीम्स ब्रदर्स की विश्व प्रसिद्ध कहानियाँ _cजेकब अनुवादक उमा पाठक |
||
| 246 |
_aGrims Brothers kivishav prasidhi kahaniyan _bJakab |
||
| 260 |
_aदिल्ली _bएवरेस्ट पब्लिशिंग कम्पनी _c2009 |
||
| 270 |
_aआत्माराम बिल्डिंग, 1362, कश्मीरी गेट, _bदिल्ली _e110006 |
||
| 300 |
_a100पृ _bसचित्र _c24 सेमी (सजिल्द) |
||
| 650 |
_aकहानियाँ _9937 |
||
| 650 |
_aबाल कहानियाँ _91328 |
||
| 650 |
_aChildren Stories _918378 |
||
| 700 |
_aपाठक, उमा _918379 |
||
| 942 |
_adpl _cCH _2ddc _hक _mजेकब |
||
| 999 |
_c29964 _d29964 |
||